Costa Rica bajo José Figueres Olsen: el deterioro de lo político /

Furkejuvvon:
Bibliográfalaš dieđut
Váldodahkki: Gallardo, Helio
Materiálatiipa: Texto
Fáttát:
Fáddágilkorat: Lasit fáddágilkoriid
Eai fáddágilkorat, Lasit vuosttaš fáddágilkora!

MARC

LEADER 00000 a a2200000 04500
001 17829
003
040
100 |a Gallardo, Helio  
245 |a Costa Rica bajo José Figueres Olsen:   |b el deterioro de lo político /  |c Helio Gallardo 
650 |a GOBIERNO  
650 |a POLITICA  
650 |a PARTIDOS POLITICOS  
650 |a OPINION  
650 |a GOBERNABILIDAD  
773 |g volumen 22, número 273; Páginas 7-8  
999 |c 38174  |d 38174